Responses for show #2183 - Wednesday, February 16, 1994

1994 Teen Tournament quarterfinal game 3.

Contestants

[<< previous game]

Matt Morris, a senior from Louisville, Kentucky

Alice Handley, a senior from Capitola, California

Scott Alport, a senior from Overland Park, Kansas

[next game >>]

Jeopardy! Round responses

19th CENTURY AMERICA
TELEVISION
MONEY MATTERS
MUSIC
FAMOUS WOMEN
WORD ORIGINS
    $100 2
England

Alice
    $100 25
The Simpsons

Matt
    $100 26
your debts (liabilities)

Scott
    $100 6
solo

Matt
    $100 23
Geraldine Ferraro

Matt
    $100 1
maze

Matt
    $200 3
Yellowstone

Matt
    $200 24
seaQuest

Alice
    $200 27
a certificate of deposit

Scott
    $200 15
middle C

Matt
    $200 21
(Alice: Who is Queen Eliz, [*]?)

Queen Victoria

Alice
    $200 5
the platypus

Alice
    $300 4
Aaron Burr

Scott
    $300 9
Home Improvement

Alice
    $300 28
a pound

Alice
    $300 14
(Scott: What is alto?)

tenor

ScottAlice
    $300 17
(Matt: Who is Dian Fossey?)
...
(Alex: Dian Fossey was the gorillas.)

Jane Goodall

AliceMatt
    $300 19
a toupee

Scott
    $400 7
(Matt: Who is Perry?)
(Alex: Which one?)
(Matt: Admiral Perry?)

Commodore Perry

ScottMatt
    $400 11
Eye to Eye

Matt
    $400 29
the Federal Reserve Board

Scott
    $400 10
(Alice: What are violins?)

strings

AliceMatt
    $400 16
Ayn Rand

Matt
    $400 20
a mattress

Triple Stumper
    $500 8
South Carolina

Matt
    $500 12
(Matt: What is Dave?)

Dave's World

AliceMatt
    $500 30
the Common Market

Matt
    $500 13
the Baroque

Matt
    $500 18
Washington

Scott
    $300 22
parliament

Alice

Scores at the first commercial break (after clue 16):

Scott Alice Matt
$400 $1,000 $1,900

Scores at the end of the Jeopardy! Round:

Scott Alice Matt
$1,900 $2,300 $2,300

Double Jeopardy! Round responses

WORLD FACTS
HOLIDAYS & OBSERVANCES
POETRY
HISTORIC NAMES
THE NEW TESTAMENT
LOST TIME
    $200 5
the Danube

Matt
    $200 17
Plymouth Rock

Matt
    $200 1
bells

Alice
    $200 8
Cleopatra

Matt
    $200 19
John the Baptist

Scott
    $200 23
(Alex: Because you switch from daylight saving to standard, they stopped for [*].)

one hour

Triple Stumper
    $400 6
a smorgasbord

Alice
    $400 20
Columbus Day

Matt
    $400 2
Emily Dickinson

Alice
    $400 9
Daniel Webster

Matt
    $400 18
swaddling clothes

Matt
    $400 26
20 years

Matt
    $600 13
Gaelic

Alice
    $600 24
Easter

Alice
    $600 3
"The Rime of the Ancient Mariner"

Matt
    $600 10
Nathan Hale

Matt
    $600 16
12

Scott
    $600 27
the International Date Line

Alice
    $800 14
Indonesia

Scott
    $800 25
Truman

Matt
    $1,000 4
"The Road Not Taken"

Matt
    $800 11
Edmund Hillary

Matt
    $800 21
Paul

Alice
    $800 29
115

Matt
    $1000 15
(Matt: What is an ox?)

yak

AliceMatt
    $1000 28
slavery

Matt
    $1000 7
Tintern Abbey

Triple Stumper
    $2,000 12
(Mahatma) Gandhi

Matt
    $1000 22
Joseph of Arimathea

Scott
    $1000 30
(Alice: What is Remembrance of Things,Times, Past? Things?).
...
(Alex: Alice mixed up a word; should have gone with her first instinct.)

Remembrance of Things Past

AliceMatt

Scores at the end of the Double Jeopardy! Round:

Scott Alice Matt
$4,500 $5,900 $12,100
(lock game)

Final Jeopardy! Round responses

FAMOUS SPEECHES
(Alex: Unless he pulled a Cliff Clavin, we know who's going to win this game.)
...
(Alex: It was when John Kennedy was speaking in Germany in front of the Berlin Wall and said, "[*]".)
ScottWhat is ask not what your country can do for you, what you can do for
$4,000
AliceWhat is A
$2,000
MattWhat I don't know.
$100
Ich bin ein Berliner

Final scores:

Scott Alice Matt
$500 $3,900 $12,000
3rd place: $1,000 if eliminated 2nd place: $1,000 if eliminated Automatic semifinalist

Game dynamics:

Coryat scores:

Scott Alice Matt
$4,500 $6,100 $10,900
11 R,
1 W
18 R
(including 1 DD),
2 W
28 R
(including 2 DDs),
4 W

Combined Coryat: $21,500

The J! Archive is created by fans, for fans. The Jeopardy! game show and all elements thereof, including but not limited to copyright and trademark thereto, are the property of Jeopardy Productions, Inc. and are protected under law. This website is not affiliated with, sponsored by, or operated by Jeopardy Productions, Inc. Join the discussion at JBoard.tv.